[Event "Gruppe A"]
[Round "3.11"]
[White "Baumann,Simon"]
[WhiteElo "1837"]
[WhiteNwz "1792"]
[Black "Altenbernd,Jannis-Domenik"]
[BlackElo "1981"]
[BlackNwz "1890"]
[Result "1-0"]
[PlyCount "47"]

1. e4 c5 2. Nf3 d6 3. d4 cxd4 4. Nxd4 Nf6 5. Nc3 a6 6. Be2 e5 7. Nb3 Be7 8. O-O Be6 9. f4 Qc7 10. Qd3 b5 11. a3 Bc4 12. Qf3 Bxe2 13. Qxe2 N8d7 14. Qf3 O-O 15. f5 Nb6 16. Kh1 Rad8 17. g4 Nfd7 18. g5 f6 19. g6 h6 20. Qh5 Rfe8 21. Bxh6 gxh6 22. Qxh6 Nf8 23. Rf3 d5 24. Rh3 1-0

[Event "Gruppe A"]
[Round "3.12"]
[White "Bade,Hans-Jürgen"]
[WhiteElo "1970"]
[WhiteNwz "1938"]
[Black "Schütt,Norbert,Dr."]
[BlackElo "1836"]
[BlackNwz "1739"]
[Result "1/2-1/2"]
[PlyCount "31"]

1. e4 c6 2. d4 d5 3. exd5 cxd5 4. c4 Nf6 5. Nc3 g6 6. Nf3 Bg7 7. cxd5 O-O 8. Bc4 a6 9. a4 b6 10. O-O Bb7 11. Qb3 Ne8 12. Re1 Nd6 13. Bd3 a5 14. Bg5 Re8 15. Rac1 Na6 16. Nb5 1/2-1/2

[Event "Gruppe A"]
[Round "3.13"]
[White "Dettmer,Niels"]
[WhiteElo "1787"]
[WhiteNwz "1732"]
[Black "Scheffner,Jarno"]
[BlackElo "1969"]
[BlackNwz "1958"]
[Result "0-1"]
[PlyCount "64"]

1. d4 a6 2. e4 e6 3. g3 d5 4. Bg2 Nf6 5. e5 N6d7 6. Ne2 c5 7. c3 Nc6 8. O-O Be7 9. f4 O-O 10. Nd2 b5 11. Nf3 Qb6 12. Be3 f6 13. Bh3 Na5 14. Bf2 fxe5 15. Nxe5 Nf6 16. Bg2 Nc4 17. b3 Nxe5 18. fxe5 Ng4 19. Nf4 Nxf2 20. Rxf2 b4 21. c4 Bb7 22. Rd2 cxd4 23. cxd5 Bg5 24. Nxe6 Bxd2 25. Qxd2 d3+ 26. Kh1 Rf2 27. Qxd3 Qxe6 28. dxe6 Rxg2 29. Qd7 Be4 30. Qf7+ Kh8 31. Qf4 Bd5 32. Qxb4 Rxg3+ 0-1

[Event "Gruppe A"]
[Round "3.14"]
[White "Rabiya,Karim"]
[WhiteElo "1787"]
[WhiteNwz "1770"]
[Black "Schrader,Hans-Joachim"]
[BlackElo "1951"]
[BlackNwz "1865"]
[Result "0-1"]
[PlyCount "40"]

1. e4 c5 2. Nf3 d6 3. d4 cxd4 4. Nxd4 Nf6 5. Nc3 a6 6. h3 e5 7. N4e2 Be7 8. g4 Be6 9. Bg2 N8d7 10. a4 h6 11. Be3 Nb6 12. b3 Rc8 13. Qd2 Qc7 14. a5 Nbd7 15. Ra2 O-O 16. g5 hxg5 17. Bxg5 Nc5 18. h4 Nh5 19. Bf3 Nf4 20. Rf1 Kh8 0-1

[Event "Gruppe A"]
[Round "3.15"]
[White "Schnier,Steffen"]
[WhiteElo "1940"]
[WhiteNwz "1911"]
[Black "Popkiewicz,Adam"]
[BlackElo "1766"]
[BlackNwz "1737"]
[Result "1-0"]
[PlyCount "53"]

1. e4 c5 2. Nc3 g6 3. g3 Bg7 4. Bg2 Nc6 5. d3 d6 6. Be3 e6 7. Qd2 N8e7 8. Bh6 O-O 9. h4 f6 10. Bxg7 Kxg7 11. h5 g5 12. N1e2 d5 13. h6+ Kh8 14. exd5 exd5 15. d4 cxd4 16. Nxd4 Qb6 17. O-O-O Rd8 18. Rhe1 Ne5 19. Rxe5 fxe5 20. Qxg5 Ng6 21. Nf3 Rf8 22. Nxd5 Qa5 23. Nxe5 Bf5 24. Nxg6+ hxg6 25. Qe7 Rg8 26. Qe5+ Kh7 27. Nf6+ 1-0

[Event "Gruppe A"]
[Round "3.16"]
[White "Pac,Maksym"]
[WhiteElo "1781"]
[WhiteNwz "1798"]
[Black "Grochtmann,Stephan"]
[BlackElo "1939"]
[BlackNwz "1967"]
[Result "1-0"]
[PlyCount "79"]

1. d4 d5 2. Nc3 Nf6 3. Bf4 g6 4. e3 Bg7 5. Nb5 Na6 6. Nc3 O-O 7. Bxa6 bxa6 8. Be5 Rb8 9. Na4 Qe8 10. b3 Qc6 11. Nf3 Re8 12. O-O Bf8 13. Rc1 Nd7 14. Bg3 e6 15. c4 Bd6 16. Bxd6 cxd6 17. c5 e5 18. cxd6 Qxd6 19. dxe5 Nxe5 20. Nxe5 Qxe5 21. Qd2 Qg5 22. Rfd1 Be6 23. Nc5 Rbd8 24. Nxe6 Rxe6 25. Qd4 Qe7 26. h3 h5 27. Rc5 Re4 28. Qc3 d4 29. exd4 Re2 30. Rc8 Kh7 31. Rxd8 Qxd8 32. Qf3 Qe7 33. a4 h4 34. Kf1 Re6 35. d5 Rf6 36. Qe2 Qc5 37. Kg1 Qb6 38. Qe3 Rd6 39. Qf4 Qd8 40. Qxf7+ 1-0

[Event "Gruppe A"]
[Round "3.17"]
[White "Weitekamp,Ole"]
[WhiteElo "1930"]
[WhiteNwz "1892"]
[Black "Klausmeier,Achim"]
[BlackElo "1744"]
[BlackNwz "1686"]
[Result "1-0"]
[PlyCount "93"]

1. e4 d5 2. exd5 Qxd5 3. Nc3 Qd8 4. d4 c6 5. Nf3 Nf6 6. Bd3 Bg4 7. Bf4 e6 8. h3 Bxf3 9. Qxf3 Bd6 10. O-O-O Bxf4+ 11. Qxf4 Nd5 12. Nxd5 cxd5 13. g4 Nc6 14. g5 Qb8 15. Qe3 g6 16. h4 Qd6 17. h5 O-O-O 18. c3 Ne7 19. Rh3 Nf5 20. Bxf5 gxf5 21. Rg1 Rdg8 22. Qe5 Kd7 23. Kd2 Qxe5 24. dxe5 Rc8 25. Rh4 Rhg8 26. Kd3 Rc6 27. Ra4 a6 28. Rb4 Rc7 29. b3 R8c8 30. Rc1 b5 31. a4 Rc5 32. f4 Kc6 33. Rd4 Kb6 34. a5+ Kb7 35. c4 R8c7 36. Rb1 Kc8 37. cxd5 exd5 38. Ke3 Rd7 39. R1d1 b4 40. Rxb4 Rxa5 41. Rc1+ Rc7 42. Rxc7+ Kxc7 43. Kd4 Ra1 44. Kxd5 Rd1+ 45. Rd4 Rh1 46. e6 fxe6+ 47. Kxe6 1-0

[Event "Gruppe A"]
[Round "3.18"]
[White "Warns,Harald"]
[WhiteElo "1718"]
[WhiteNwz "1663"]
[Black "Krüger,Moritz"]
[BlackElo "1909"]
[BlackNwz "1818"]
[Result "1/2-1/2"]
[PlyCount "63"]

1. d4 Nf6 2. Nf3 e6 3. g3 c5 4. Bg2 Nc6 5. O-O b6 6. Ne5 Bb7 7. Bg5 Be7 8. Nxc6 Bxc6 9. Bxc6 dxc6 10. dxc5 Bxc5 11. Qxd8+ Rxd8 12. Nc3 Bd4 13. e3 Bxc3 14. bxc3 Ke7 15. Rfd1 Rd5 16. Bxf6+ Kxf6 17. c4 Rxd1+ 18. Rxd1 Ke7 19. Kf1 Rd8 20. Rd3 e5 21. e4 Rd4 22. Rxd4 exd4 23. Ke2 Kd6 24. f4 f6 25. Kd3 c5 26. c3 dxc3 27. Kxc3 g5 28. a4 g4 29. Kb3 Kc6 30. Kc3 a6 31. Kb3 a5 32. Kc3 1/2-1/2

[Event "Gruppe A"]
[Round "3.19"]
[White "Shynkar,Daria"]
[WhiteElo "1904"]
[WhiteNwz "1785"]
[Black "Lüders Vega,Iago Ernst"]
[BlackElo "1675"]
[BlackNwz "1500"]
[Result "1-0"]
[PlyCount "55"]

1. d4 Nf6 2. c4 g6 3. Nc3 Bg7 4. e4 d6 5. h3 O-O 6. Be3 N8d7 7. g4 c5 8. d5 Ne5 9. Qd2 a6 10. f4 N5d7 11. N1e2 Rb8 12. Ng3 Qa5 13. Rc1 b5 14. g5 Ne8 15. h4 b4 16. Nd1 Qxa2 17. h5 f6 18. hxg6 hxg6 19. Bh3 Nb6 20. Be6+ Bxe6 21. dxe6 fxg5 22. Qh2 Rf6 23. Qh7+ Kf8 24. fxg5 Rf3 25. Qxg6 Nxc4 26. Rxc4 Qxc4 27. Nf5 Rxe3+ 28. N5xe3 1-0

[Event "Gruppe A"]
[Round "3.20"]
[White "Subenko,Alexander"]
[WhiteElo "1631"]
[WhiteNwz "1611"]
[Black "Geertsma,Hendrik"]
[BlackElo "1887"]
[BlackNwz "1813"]
[Result "1-0"]
[PlyCount "63"]

1. e4 d6 2. d4 Nf6 3. Nc3 c6 4. Be3 Qa5 5. Qd2 e5 6. dxe5 dxe5 7. Bd3 Be6 8. h3 N8d7 9. N1e2 Nc5 10. O-O Nxd3 11. cxd3 Bc5 12. Bxc5 Qxc5 13. Qg5 Ke7 14. Rac1 Qd6 15. Qe3 g5 16. d4 Rhg8 17. Rcd1 Bc4 18. Ng3 Kf8 19. Rfe1 Be6 20. Qf3 Rg6 21. Nf5 Qc7 22. d5 cxd5 23. exd5 g4 24. hxg4 Bd7 25. Ne7 Nxg4 26. Nxg6+ hxg6 27. d6 Qd8 28. Qxb7 Rc8 29. Qf3 Kg7 30. Qg3 Qb6 31. Rd2 f5 32. Rxe5 1-0

[Event "Gruppe A"]
[Round "3.22"]
[White "Höllman,Ludger"]
[WhiteElo "2040"]
[WhiteNwz "2081"]
[Black "Middelberg,Simon"]
[BlackElo "1639"]
[BlackNwz "1581"]
[Result "1/2-1/2"]
[PlyCount "140"]

1. d4 d5 2. c4 e6 3. Nf3 Nf6 4. g3 c6 5. Qc2 Bd6 6. Bg2 N8d7 7. Bf4 Qc7 8. Bxd6 Qxd6 9. O-O Ne4 10. Nc3 f5 11. Rab1 O-O 12. b4 e5 13. cxd5 cxd5 14. dxe5 Nxe5 15. Nb5 Qc6 16. Qxc6 Nxc6 17. Nc7 Rb8 18. b5 Ne7 19. Rbc1 b6 20. Ne5 Rd8 21. Rfd1 Bb7 22. Ne6 Rd6 23. Nd4 Nc5 24. N5c6 Bxc6 25. Nxc6 Rb7 26. Nxe7+ Rxe7 27. Bxd5+ Kf8 28. Bf3 R7d7 29. Rxd6 Rxd6 30. Rc2 Ke7 31. Kg2 Kf6 32. h4 h6 33. h5 Ke5 34. Bc6 Rd1 35. Rc3 Rd2 36. Ra3 Rxe2 37. Rxa7 Ne4 38. Bxe4 fxe4 39. Kf1 Rb2 40. a4 Ra2 41. Rxg7 Rxa4 42. Re7+ Kf6 43. Rb7 Kg5 44. Rxb6 Kxh5 45. Re6 Kg5 46. Ke2 Rb4 47. b6 h5 48. Ke3 Kf5 49. Rh6 Kg5 50. Re6 Kg4 51. Kd2 Kf3 52. Rf6+ Kg4 53. Kc3 Rb1 54. Kd4 Kg5 55. Rc6 Rb4+ 56. Kc5 Rb2 57. Rd6 Rxf2 58. Rd4 e3 59. Re4 Rc2+ 60. Kd6 e2 61. b7 Rd2+ 62. Kc7 Rc2+ 63. Kd8 Rd2+ 64. Kc8 Rc2+ 65. Kb8 Kf5 66. Re3 Kg5 67. Ka7 Ra2+ 68. Kb6 Rb2+ 69. Kc6 Rc2+ 70. Kd6 Rd2+ 1/2-1/2

[Event "Gruppe A"]
[Round "3.23"]
[White "Elbert,Andre"]
[WhiteElo "1814"]
[WhiteNwz "1732"]
[Black "Klages,Jonas"]
[BlackElo "1732"]
[BlackNwz "1713"]
[Result "1-0"]
[PlyCount "63"]

1. e4 c5 2. d4 cxd4 3. c3 dxc3 4. Nxc3 Nc6 5. Nf3 d6 6. Bc4 g6 7. O-O Bg7 8. Bf4 Nf6 9. Qe2 O-O 10. Rfd1 Nd7 11. Rac1 a6 12. a4 N7e5 13. Nxe5 Nxe5 14. Bxe5 Bxe5 15. Qe3 Bd7 16. f4 Bg7 17. e5 dxe5 18. fxe5 Qe8 19. Nd5 Rc8 20. Qg5 h6 21. Qh4 g5 22. Qe4 e6 23. Bd3 f5 24. exf6 exd5 25. Qh7+ Kf7 26. Bg6+ Kxf6 27. Bxe8 Bf5 28. Rf1 Rcxe8 29. Rxf5+ Ke6 30. Qxg7 Kxf5 31. Rf1+ Kg4 32. Rxf8 1-0

[Event "Gruppe A"]
[Round "3.24"]
[White "Wernke-Schmiesing,Sebastian"]
[WhiteElo "1851"]
[WhiteNwz "1762"]
[Black "Stein,Daniel"]
[BlackElo "1772"]
[BlackNwz "1640"]
[Result "1-0"]
[PlyCount "84"]

1. d4 e6 2. c4 Nf6 3. Nf3 b6 4. g3 c6 5. Bg2 Be7 6. O-O O-O 7. Qc2 d5 8. Rd1 N8d7 9. N1d2 Bb7 10. e4 dxe4 11. Nxe4 Qc8 12. Bf4 Nxe4 13. Qxe4 c5 14. d5 Re8 15. Qc2 Bf8 16. Ng5 g6 17. dxe6 fxe6 18. Ne4 Be7 19. Bd6 Nf6 20. Bxe7 Bxe4 21. Bxe4 Nxe4 22. Qxe4 Rxe7 23. Rd6 Qe8 24. Re1 Rd8 25. R1d1 Rxd6 26. Rxd6 Qf7 27. Rd8+ Re8 28. Rxe8+ Qxe8 29. Kg2 Qd7 30. h4 Qf7 31. Qe5 Kf8 32. Qh8+ Qg8 33. Qxg8+ Kxg8 34. Kf3 Kf7 35. Ke4 Kf6 36. g4 h6 37. f4 a6 38. g5+ hxg5 39. hxg5+ Kf7 40. Ke5 Ke7 41. a4 a5 42. b3 Kf7 1-0

[Event "Gruppe A"]
[Round "3.25"]
[White "Fize,Aleksandrs"]
[WhiteElo "1832"]
[WhiteNwz "1710"]
[Black "Weßels,Keke"]
[BlackElo "1534"]
[BlackNwz "1491"]
[Result "1-0"]
[PlyCount "75"]

1. d4 Nf6 2. Nc3 d5 3. Bf4 a6 4. e3 e6 5. Nf3 c5 6. dxc5 Bxc5 7. Bd3 N8d7 8. O-O b5 9. e4 b4 10. exd5 bxc3 11. dxe6 fxe6 12. Ng5 Nb6 13. bxc3 O-O 14. Nxh7 Nxh7 15. Qh5 Nf6 16. Qxc5 Bb7 17. Rad1 Nfd5 18. Be5 Qg5 19. Bg3 Rac8 20. Qd4 Rf4 21. Be4 Rc4 22. Bxf4 Nxf4 23. Qd8+ Qxd8 24. Rxd8+ Kf7 25. Bxb7 Rxc3 26. Rd6 N6d5 27. Bxa6 Rxc2 28. g3 Nh3+ 29. Kg2 Ne3+ 30. Kxh3 Nxf1 31. Bxf1 Rxa2 32. f4 Kf6 33. Bc4 Ra5 34. Rxe6+ Kf5 35. Re5+ Rxe5 36. fxe5 Kxe5 37. Kg4 Kf6 38. Bd3 1-0

[Event "Gruppe A"]
[Round "3.26"]
[White "Wilmink,Luca"]
[WhiteElo "1764"]
[WhiteNwz "1774"]
[Black "Grasser,Stefan"]
[BlackElo "1777"]
[BlackNwz "1657"]
[Result "1-0"]
[PlyCount "57"]

1. d4 d5 2. Nf3 c6 3. Bf4 e6 4. N1d2 f5 5. Ne5 Be7 6. e3 Nf6 7. h4 N8d7 8. N2f3 Nxe5 9. Nxe5 O-O 10. Be2 Bd7 11. g4 fxg4 12. Bxg4 Nxg4 13. Qxg4 Rf5 14. O-O-O Be8 15. h5 Bg5 16. Rdg1 h6 17. Bxg5 Qxg5 18. Qe2 Qf6 19. f4 Rc8 20. Ng4 Qf8 21. Nxh6+ Kh8 22. Nxf5 exf5 23. Rg5 c5 24. R1g1 Rc7 25. Qd3 Bd7 26. Rxg7 Qxg7 27. Rxg7 Kxg7 28. dxc5 Kh6 29. Qxd5 1-0

[Event "Gruppe A"]
[Round "3.28"]
[White "Schulz,Markus"]
[WhiteElo "1689"]
[WhiteNwz "1681"]
[Black "Oelschläger,Malo"]
[BlackElo "1775"]
[BlackNwz "1700"]
[Result "0-1"]
[PlyCount "72"]

1. c4 Nf6 2. Nf3 g6 3. g3 Bg7 4. Bg2 O-O 5. O-O d5 6. cxd5 Nxd5 7. Nc3 Nxc3 8. bxc3 c5 9. Qc2 Nc6 10. Rb1 Qc7 11. d3 b6 12. Be3 Bb7 13. Nd2 Rac8 14. Nc4 Rfd8 15. a4 Ba6 16. Qb3 Bxc4 17. Qxc4 Na5 18. Qa6 Bxc3 19. Rfc1 Be5 20. Bd2 Nc6 21. a5 Nd4 22. Kf1 Rd6 23. e3 Nf5 24. d4 Bg7 25. Bb4 Qd7 26. Ba3 Rd8 27. axb6 Rxb6 28. Rxb6 axb6 29. dxc5 bxc5 30. Bxc5 Bb2 31. Rb1 Qd2 32. Qe2 Qc3 33. Qxb2 Rd1+ 34. Ke2 Qd3+ 35. Kf3 Rxb1 36. Qe5 Rb5 0-1

[Event "Gruppe A"]
[Round "4.1"]
[White "ter Stal,Sven"]
[WhiteElo "1942"]
[WhiteNwz "1889"]
[Black "Vöge,Tobias"]
[BlackElo "2256"]
[BlackNwz "2249"]
[Result "0-1"]
[PlyCount "70"]

1. f4 c5 2. Nf3 Nf6 3. g3 g6 4. Bg2 Bg7 5. d3 d5 6. O-O O-O 7. c3 Nc6 8. Qc2 d4 9. Na3 Nd5 10. e4 dxe3 11. Re1 Rb8 12. Nc4 Bf5 13. Nh4 N5b4 14. cxb4 Bxd3 15. Qd1 Bxc4 16. bxc5 Qxd1 17. Rxd1 e2 18. Re1 Bd4+ 19. Kh1 Bf2 20. Bd2 Rfd8 21. Bc3 Bxe1 22. Rxe1 Nd4 23. Nf3 Nc2 24. Rg1 Rd1 25. Ne1 Nxe1 26. Rxe1 R8d8 27. Kg1 Bd5 28. Bh3 Bxa2 29. Kf2 Bc4 30. Bg2 Ba6 31. Bf3 Rxe1 32. Bxe1 Rc8 33. b4 b6 34. cxb6 axb6 35. Bxe2 Rc2 0-1

[Event "Gruppe A"]
[Round "4.2"]
[White "Weigand,Anton"]
[WhiteElo "2204"]
[WhiteNwz "2252"]
[Black "Stotyn,Fabian"]
[BlackElo "2172"]
[BlackNwz "2236"]
[Result "0-1"]
[PlyCount "90"]

1. e4 e5 2. Nf3 Nc6 3. Bb5 a6 4. Ba4 Nf6 5. Nc3 d6 6. Bxc6+ bxc6 7. d4 Nd7 8. O-O Be7 9. Ne2 O-O 10. Ng3 a5 11. Re1 Re8 12. dxe5 dxe5 13. Nf5 Bf6 14. Qe2 Ba6 15. Qe3 Qb8 16. Rd1 Nf8 17. b3 Qb6 18. Qc3 Qb4 19. Bb2 Qxe4 20. Ng3 Qb4 21. Re1 Qb6 22. Ne4 Ne6 23. g3 Be7 24. a3 f6 25. N3d2 a4 26. b4 Rab8 27. Rab1 Red8 28. Ba1 Nf8 29. Qf3 Ne6 30. Qg4 Bc8 31. Qe2 Ba6 32. Qg4 c5 33. bxc5 Qc6 34. Rxb8 Rxb8 35. Nf3 Bc8 36. Qh5 Nxc5 37. Nxe5 fxe5 38. Qxe5 Bf8 39. Ng5 Ne6 40. Ne4 Rb5 41. Nf6+ Kh8 42. Qe2 Ng5 43. Qe8 Qxe8 44. Rxe8 Rb1+ 45. Kg2 Bh3# 0-1

[Event "Gruppe A"]
[Round "4.3"]
[White "Meiwes,Thore"]
[WhiteElo "2148"]
[WhiteNwz "2173"]
[Black "Holtwessels,Jan"]
[BlackElo "2000"]
[BlackNwz "2055"]
[Result "1-0"]
[PlyCount "65"]

1. d4 Nf6 2. Nf3 d5 3. Bf4 c5 4. c3 Nc6 5. e3 Qb6 6. Qc2 g6 7. N1d2 Bg7 8. h3 O-O 9. Be2 cxd4 10. exd4 Nh5 11. Bh2 Bh6 12. g4 Nf4 13. g5 Nxe2 14. gxh6 Bf5 15. Qd1 Bd3 16. Nb3 Bc4 17. Qd2 Rfe8 18. Nc5 e5 19. Nd7 N2xd4 20. cxd4 exd4+ 21. Kd1 Bb3+ 22. Kc1 Qb5 23. Nf6+ Kh8 24. Nxe8 Rxe8 25. axb3 Re2 26. Re1 d3 27. Rxe2 dxe2 28. Kb1 d4 29. Rxa7 Qf5+ 30. Ka2 Qc8 31. Ra4 f6 32. Qxe2 b5 33. Qxb5 1-0

[Event "Gruppe A"]
[Round "4.5"]
[White "Schöne,Finn"]
[WhiteElo "1868"]
[WhiteNwz "1902"]
[Black "Mündörfer,Sebastian"]
[BlackElo "2123"]
[BlackNwz "2103"]
[Result "1/2-1/2"]
[PlyCount "46"]

1. d4 Nf6 2. Nc3 d5 3. Bf4 e6 4. e3 Bb4 5. Bd3 O-O 6. Nf3 c5 7. dxc5 Bxc3+ 8. bxc3 Qa5 9. Qd2 Qxc5 10. O-O N8d7 11. Rfe1 b6 12. e4 dxe4 13. Bxe4 Nxe4 14. Rxe4 Nf6 15. Rd4 Nd5 16. c4 Nxf4 17. Qxf4 f6 18. Qe4 Rb8 19. R1d1 e5 20. Rd6 Bb7 21. Qg4 Bc6 22. Qe4 Bb7 23. Qg4 Bc8 1/2-1/2

[Event "Gruppe A"]
[Round "4.6"]
[White "Hart,Martin"]
[WhiteElo "2047"]
[WhiteNwz "2027"]
[Black "Schnier,Steffen"]
[BlackElo "1940"]
[BlackNwz "1911"]
[Result "1/2-1/2"]
[PlyCount "38"]

1. e4 e6 2. Qe2 Be7 3. d3 d5 4. Nd2 Nf6 5. g3 b5 6. Bg2 c5 7. e5 N6d7 8. c4 Nc6 9. N1f3 bxc4 10. dxc4 Ba6 11. O-O Qc7 12. Re1 Rb8 13. b3 Nb4 14. Rd1 Nc6 15. Re1 Nb6 16. h4 Rb7 17. Ng5 h6 18. Nh3 O-O 19. Qh5 Nd4 1/2-1/2

[Event "Gruppe A"]
[Round "4.7"]
[White "Amini,Yusuf"]
[WhiteElo "2021"]
[WhiteNwz "2022"]
[Black "Weitekamp,Ole"]
[BlackElo "1930"]
[BlackNwz "1892"]
[Result "1-0"]
[PlyCount "89"]

1. e4 c5 2. Nf3 e6 3. c3 d5 4. e5 d4 5. Bd3 Nc6 6. O-O N8e7 7. Qe2 Ng6 8. g3 Be7 9. Bc2 O-O 10. h4 f5 11. exf6 Bxf6 12. Be4 Nge5 13. Nxe5 Nxe5 14. d3 Bd7 15. Bf4 Ng6 16. Bd6 Be7 17. Bxe7 Nxe7 18. Nd2 dxc3 19. bxc3 Nd5 20. Qh5 Nf6 21. Qxc5 Nxe4 22. Nxe4 Bc6 23. Rad1 Rf5 24. Qe3 Qa5 25. Rd2 R8f8 26. Re1 Rf3 27. Qc5 Qd8 28. Qd6 Qe8 29. Ng5 Qh5 30. Qxe6+ Kh8 31. Nxf3 Qxf3 32. Qh3 h6 33. Re3 Qd5 34. c4 Qd4 35. R2e2 a5 36. Qf1 Rf6 37. Kh2 g5 38. Re6 gxh4 39. Rxf6 Qxf6 40. Re3 h3 41. f3 Qd4 42. Qe2 a4 43. a3 Qc3 44. Re7 Qxa3 45. Qe5+ 1-0

[Event "Gruppe A"]
[Round "4.8"]
[White "Roebers,Bregje"]
[WhiteElo "1815"]
[Black "Bundan,Edward"]
[BlackElo "2020"]
[BlackNwz "2024"]
[Result "1/2-1/2"]
[PlyCount "117"]

1. e4 c5 2. Nf3 Nc6 3. Bb5 g6 4. O-O Bg7 5. Nc3 e5 6. a3 N8e7 7. b4 d6 8. d3 O-O 9. bxc5 dxc5 10. Bg5 h6 11. Bxc6 bxc6 12. Be3 Qa5 13. Qd2 Kh7 14. Ne2 Qc7 15. Bxc5 f5 16. Nc3 f4 17. h3 g5 18. Ne2 g4 19. hxg4 Bxg4 20. Nh2 Bh5 21. f3 Rg8 22. Kh1 Bf6 23. d4 Ng6 24. Rad1 Rad8 25. Qc3 Nh4 26. Rg1 Rg7 27. Rdf1 R8g8 28. Rf2 Rg3 29. dxe5 Bxe5 30. Bd4 Bxd4 31. Qxd4 Ng6 32. Rd1 Rg7 33. e5 Qf7 34. Qe4 Rg5 35. e6 Qf6 36. Qxc6 Re5 37. Qc4 Rxe6 38. Qd4 Qh4 39. R1f1 Rf6 40. c4 Qg5 41. Nc3 Rf5 42. Ne4 Qh4 43. Nd6 Ne7 44. g4 R5g5 45. Qxf4 Bg6 46. Ne4 Bxe4 47. Qxe4+ Kh8 48. Rd2 Ng8 49. Qe1 Qh3 50. Rg1 h5 51. Rg3 Qh4 52. Rg1 Qh3 53. Qg3 hxg4 54. fxg4 Qh6 55. Rd6 Qh7 56. Qd3 Qh4 57. Qg3 Qh7 58. Qd3 Qh4 59. Qg3 1/2-1/2

[Event "Gruppe A"]
[Round "4.9"]
[White "Tietje,Daniel"]
[WhiteElo "2005"]
[WhiteNwz "1961"]
[Black "Shynkar,Daria"]
[BlackElo "1904"]
[BlackNwz "1785"]
[Result "1-0"]
[PlyCount "101"]

1. Nf3 Nf6 2. c4 e6 3. b3 d5 4. e3 c5 5. Bb2 Be7 6. Nc3 O-O 7. cxd5 exd5 8. d4 b6 9. Bd3 Nc6 10. dxc5 bxc5 11. O-O Bg4 12. Be2 Rb8 13. Rc1 Qd7 14. Na4 Ne4 15. Nd2 Bxe2 16. Qxe2 f5 17. Nxe4 fxe4 18. Nxc5 Bxc5 19. Rxc5 Nb4 20. Bd4 Nd3 21. Ra5 Rb7 22. Qh5 Rf5 23. Qg4 g6 24. h4 Qc7 25. Ra6 Qf7 26. Rf6 Rxf6 27. Bxf6 Rc7 28. Bd4 Rc2 29. Qg5 Rc8 30. h5 Rf8 31. f4 Qf5 32. hxg6 Qxg5 33. gxh7+ Kxh7 34. fxg5 Rxf1+ 35. Kxf1 a6 36. a3 Kg6 37. Bf6 Nc5 38. b4 Na4 39. Ke2 Nb6 40. Bd8 Na4 41. Kd2 Nb2 42. Kc3 Nc4 43. Kd4 Kf5 44. a4 Ke6 45. b5 axb5 46. axb5 Nd6 47. b6 Nb7 48. Bc7 Na5 49. g6 Nb7 50. g7 Kf7 51. Be5 1-0

[Event "Gruppe A"]
[Round "4.10"]
[White "Rosin,Michael"]
[WhiteElo "1999"]
[WhiteNwz "1920"]
[Black "Bartsch,Jan"]
[BlackElo "1877"]
[BlackNwz "1858"]
[Result "1-0"]
[PlyCount "76"]

1. e4 c6 2. d4 d5 3. exd5 cxd5 4. c4 Nf6 5. Nc3 Nc6 6. Nf3 a6 7. Bg5 Be6 8. c5 g6 9. Be2 Bg7 10. O-O Ne4 11. Be3 Nf6 12. h3 O-O 13. Qc1 Nd7 14. Bh6 f6 15. Qe3 Bf7 16. Bxg7 Kxg7 17. Rad1 Re8 18. Rfe1 Qc7 19. Nh4 Rad8 20. Bg4 Nxc5 21. Qf3 Nd7 22. Nxd5 Bxd5 23. Qxd5 N7e5 24. Qe4 Nxg4 25. Qxg4 Qd7 26. Qg3 Kf7 27. d5 Ne5 28. f4 Nc4 29. Re2 Nd6 30. Re6 Qb5 31. b3 Qc5+ 32. Kh2 Nc8 33. Qf3 Nd6 34. R1e1 Nc8 35. Rd1 Nd6 36. f5 Qc2 37. fxg6+ hxg6 38. Rf1 Ne4 1-0

[Event "Gruppe A"]
[Round "4.11"]
[White "Scheffner,Jarno"]
[WhiteElo "1969"]
[WhiteNwz "1958"]
[Black "Baumann,Simon"]
[BlackElo "1837"]
[BlackNwz "1792"]
[Result "1-0"]
[PlyCount "25"]

1. e4 e6 2. d4 d5 3. Nc3 dxe4 4. Nxe4 Nd7 5. Bd3 N8f6 6. Qe2 Be7 7. Nf3 O-O 8. Bg5 b6 9. Nxf6+ Bxf6 10. Qe4 g6 11. Bxf6 Nxf6 12. Qxa8 Qd6 13. O-O 1-0

[Event "Gruppe A"]
[Round "4.12"]
[White "Schrader,Hans-Joachim"]
[WhiteElo "1951"]
[WhiteNwz "1865"]
[Black "Pac,Maksym"]
[BlackElo "1781"]
[BlackNwz "1798"]
[Result "1-0"]
[PlyCount "63"]

1. e4 c5 2. Nf3 e6 3. d4 cxd4 4. Nxd4 Nc6 5. Nc3 Qc7 6. Be3 a6 7. a3 b5 8. a4 b4 9. N3e2 Bb7 10. Nxc6 Bxc6 11. f3 Nf6 12. Nd4 Bb7 13. Qd2 Be7 14. Bf4 e5 15. Bg3 O-O 16. Nf5 Bc5 17. Nxg7 Qb6 18. Nf5 Nxe4 19. fxe4 Bxe4 20. Qg5+ Qg6 21. Nh6+ Kg7 22. Qxe5+ f6 23. Qxc5 Kxh6 24. Bf4+ Kg7 25. Qf2 Rfe8 26. Be2 Bxc2 27. O-O d5 28. Bf3 Rad8 29. Rae1 Rxe1 30. Rxe1 b3 31. Qa7+ Kh8 32. Qe7 1-0

[Event "Gruppe A"]
[Round "4.13"]
[White "Bade,Hans-Jürgen"]
[WhiteElo "1970"]
[WhiteNwz "1938"]
[Black "Subenko,Alexander"]
[BlackElo "1631"]
[BlackNwz "1611"]
[Result "1-0"]
[PlyCount "87"]

1. e4 c5 2. Nc3 Nc6 3. f4 e6 4. Nf3 N8e7 5. Bb5 g6 6. d3 Bg7 7. O-O O-O 8. Kh1 a6 9. Bxc6 Nxc6 10. Be3 b6 11. d4 cxd4 12. Nxd4 Bb7 13. Nf3 Qc7 14. Qd2 Rad8 15. Na4 b5 16. Bb6 Qc8 17. Nc5 d5 18. Nxb7 Qxb7 19. Bxd8 Rxd8 20. e5 Qc7 21. c3 Bh6 22. Qe3 Bf8 23. Rfd1 Na5 24. b3 Rc8 25. Rac1 Ba3 26. Rc2 Bc5 27. Qc1 Nb7 28. c4 dxc4 29. bxc4 b4 30. Qd2 Rd8 31. Qe2 Rc8 32. Ng5 Kg7 33. Ne4 Be7 34. c5 Qc6 35. Nd6 Bxd6 36. exd6 h5 37. Qe5+ f6 38. Qxe6 Ra8 39. Qh3 Qe4 40. Qd7+ Kf8 41. R2c1 Nxc5 42. Qh7 Nd3 43. Qh8+ Kf7 44. Rc7+ 1-0

[Event "Gruppe A"]
[Round "4.14"]
[White "Krüger,Moritz"]
[WhiteElo "1909"]
[WhiteNwz "1818"]
[Black "Reckzügel,Philipp"]
[BlackElo "1989"]
[BlackNwz "2032"]
[Result "1-0"]
[PlyCount "75"]

1. d4 d5 2. c4 e6 3. Nf3 Nf6 4. g3 c6 5. Bg2 N8d7 6. O-O Bd6 7. Qc2 O-O 8. N1d2 Re8 9. e4 dxe4 10. Nxe4 Nxe4 11. Qxe4 e5 12. dxe5 Nxe5 13. Nxe5 Bxe5 14. Qc2 Qf6 15. Re1 Bg4 16. Be3 Bxb2 17. Rab1 Bc3 18. Bg5 Qxg5 19. Qxc3 Qf6 20. Rxe8+ Rxe8 21. Qa5 Qd4 22. h3 Bc8 23. c5 a6 24. Bf3 h6 25. h4 Qd3 26. Rb3 Qc4 27. Kg2 Kh7 28. Qc7 Qe6 29. Kg1 Qe1+ 30. Kg2 Qe7 31. Qf4 Qxc5 32. Qxf7 Qe7 33. Qf4 Rf8 34. Qd4 Bf5 35. h5 Rf7 36. g4 Qg5 37. Kf1 c5 38. Qd5 1-0

[Event "Gruppe A"]
[Round "4.15"]
[White "Kewe,Stefan"]
[WhiteElo "1807"]
[WhiteNwz "1720"]
[Black "Nürenberg,Marius"]
[BlackElo "1953"]
[BlackNwz "1917"]
[Result "0-1"]
[PlyCount "64"]

1. d4 Nf6 2. Nf3 e6 3. c4 b6 4. Nc3 Bb4 5. Qc2 Bb7 6. Bd2 O-O 7. e3 Bxc3 8. Bxc3 Ne4 9. Bd3 f5 10. O-O Nxc3 11. Qxc3 Bxf3 12. gxf3 Qh4 13. Kh1 Rf6 14. d5 Qh5 15. Be2 Rh6 16. Qe5 d6 17. Qg3 Rg6 18. f4 Qxe2 19. Qh3 Qg4 20. Qxg4 Rxg4 21. dxe6 Na6 22. f3 Rg6 23. e4 Rxe6 24. exf5 Re2 25. b3 R8e8 26. Rg1 Kf7 27. a3 Nc5 28. b4 Nd3 29. Rg2 Re1+ 30. Rxe1 Rxe1+ 31. Rg1 Rxg1+ 32. Kxg1 Kf6 0-1

[Event "Gruppe A"]
[Round "4.16"]
[White "Schütt,Norbert,Dr."]
[WhiteElo "1836"]
[WhiteNwz "1739"]
[Black "Warns,Harald"]
[BlackElo "1718"]
[BlackNwz "1663"]
[Result "0-1"]
[PlyCount "72"]

1. d4 d5 2. Bf4 Nf6 3. e3 e6 4. Nf3 Bd6 5. Bg3 c6 6. N1d2 O-O 7. Ne5 Qc7 8. Bd3 N8d7 9. f4 g6 10. O-O Nb6 11. Bh4 Be7 12. Bg5 Kg7 13. Qf3 Ng8 14. Bxe7 Qxe7 15. Qg3 Nd7 16. Rf3 f5 17. Qh3 N7f6 18. R1f1 c5 19. g3 c4 20. Be2 Qb4 21. N2xc4 dxc4 22. Bxc4 Ne4 23. g4 Nd2 24. g5 Nxc4 25. Qh4 Nxe5 26. dxe5 Bd7 27. Rh3 h5 28. gxh6+ Kh7 29. Rg3 Qe7 30. Qh3 Be8 31. Rg5 Qc5 32. Rf3 Ne7 33. R3g3 Rg8 34. Qh4 Nd5 35. Qh5 Nxe3 36. Qe2 Nd5+ 0-1

[Event "Gruppe A"]
[Round "4.17"]
[White "Altenbernd,Jannis-Domenik"]
[WhiteElo "1981"]
[WhiteNwz "1890"]
[Black "Elbert,Andre"]
[BlackElo "1814"]
[BlackNwz "1732"]
[Result "1-0"]
[PlyCount "91"]

1. d4 e6 2. c4 b6 3. a3 Bb7 4. Nc3 f5 5. d5 Na6 6. g3 Nf6 7. Bg2 Bd6 8. Nh3 O-O 9. O-O e5 10. b4 Qe7 11. Nb5 Rae8 12. Nxa7 f4 13. Nb5 fxg3 14. fxg3 e4 15. Nxd6 cxd6 16. b5 Nc5 17. Be3 Ng4 18. Rxf8+ Rxf8 19. Bd4 Ne5 20. Rc1 Ra8 21. Bxc5 dxc5 22. Rc3 Ng4 23. Qc1 Qe5 24. Nf2 Nxf2 25. Kxf2 Rf8+ 26. Kg1 Qf6 27. Qe3 d6 28. h3 Bc8 29. Rc1 Qb2 30. g4 h5 31. gxh5 Rf6 32. Rf1 Rxf1+ 33. Kxf1 Bf5 34. Kf2 Qf6 35. Kg3 Qe5+ 36. Qf4 Qc3+ 37. Kh2 g6 38. hxg6 Bxg6 39. Qxd6 Kh7 40. Qe7+ Kh6 41. d6 Qd2 42. Qe5 e3 43. Bf3 Bd3 44. d7 Bxe2 45. Qf6+ Kh7 46. Be4+ 1-0